000 00620nam a22001817a 4500
003 BD-DhUL
005 20160908162329.0
008 160905b1990 bg ||||| |||| 00| 0 ben d
040 _cBD-DhUL
082 _a954.92
_bASK
100 1 _aআসাদ, আবুল
245 _aকালো পচিঁশের আগে ও পরে /
_cআবুল আসাদ
260 _aঢাকা :
_bইতিহাস পরিষদ,
_c১৯৯০
300 _a৩৫৬ পৃ. :
_c২০ সে.মি.
650 0 _aবাংলাদেশ-ইতিহাস
650 0 _aBangladesh-history
942 _2ddc
_cBK
999 _c104877
_d104877